Fußballvereine anhand ihrer Stadien - Statistiken

Allgemein
  • Dieses Quiz wurde 97 mal gespielt
  • Das Durchschnittsergebnis liegt bei 7 aus 15
Antwortstatistiken
Stadion Verein % Korrekt
Allianz Arena FC Bayern München
100%
Bernabéu Real Madrid
97%
Old Trafford Manchester United
91%
Etihad Stadium Manchester City
85%
Fritz-Walter-Stadion 1. FC Kaiserslautern
71%
Giuseppe-Meazza-Stadion Inter Mailand
64%
Gazprom-Arena Zenit St. Petersburg
46%
Estádio da Luz Benfica Lissabon
41%
Orange Vélodrome Olympique Marseille
37%
Stadion Wankdorf BSC Young Boys
30%
Estadio Mestalla FC Valencia
30%
Jan-Breydel-Stadion FC Brügge
16%
New Balance Arena Atalanta Bergamo
11%
Roazhon Park Stade Rennes
7%
Doosan Arena Viktoria Pilsen
4%
Keine übereinstimmenden Quizze gefunden
Verteilung der Resultate
Anzahl Personen mit jedem Resultat
Perzentil nach korrekt beantworteten Fragen
Ihre Resultats-Entwicklung
Sie haben dieses Quiz noch nicht gespielt